History Quiz

Random History or Century Quiz
Score 0/80 Timer 10:00
18 Plays Today
Person Missing % Correct
Edgar ___ PoeAllan
96.3%
Karl ___Marx
89.1%
Vincent van ___Gogh
88.9%
Alexander ___ BellGraham
88.4%
___ AustenJane
87.8%
Marie ___Curie
87.1%
Sir Arthur ___ DoyleConan
87%
'Billy ___ Kid'The
86.2%
Charles ___Dickens
86.1%
___ van BeethovenLudwig
85.8%
___ WildeOscar
83.5%
King ___ IIIGeorge
83.5%
'___ Cassidy'Butch
83.4%
'___' CrockettDavy
83%
Lewis ___Carroll
82.8%
Charlotte ___Brontë
81.6%
Florence ___Nightingale
80.4%
Queen ___Victoria
80.1%
Otto ___ Bismarckvon
80%
___ S. GrantUlysses
79.8%
Leo ___Tolstoy
78.3%
___ ByronLord
78.3%
Samuel ___Morse
75.7%
___ BurrAaron
73.8%
Thomas Alva ___Edison
73.2%
'Johnny ___'Appleseed
72.7%
___ EarpWyatt
72.4%
Ralph ___ EmersonWaldo
71.3%
Harriet Beecher ___Stowe
71.2%
'___ Bill' HickokWild
68.8%
John D. ___Rockefeller
67.3%
___ WellsH. G.
66.8%
Annie ___Oakley
66.7%
Booker T. ___Washington
66.6%
Samuel ___Colt
64.7%
Louis ___Pasteur
63.5%
___ ClayHenry
62.1%
Meriwether ___Lewis
61.8%
'___' JacksonStonewall
61.8%
Edvard ___Munch
61.5%
Person Missing % Correct
Sir ___ ScottWalter
61.1%
Alexis ___ Tocquevillede
60.1%
Alfred Lord ___Tennyson
58.9%
___Geronimo
56.9%
John ___ SousaPhilip
56.9%
Frederick ___Douglass
55.4%
___ William Edward ParrySir
55.2%
Antonio López de Santa ___Anna
55%
___ Wendell Holmes, Sr.Oliver
54.8%
Louis ___Braille
53.6%
Elizabeth Barrett ___Browning
52.7%
James ___ CooperFenimore
51.8%
Shaka ___Zulu
47.5%
Lord ___Kelvin
46.8%
Guglielmo ___Marconi
45.5%
Johann ___ IIStrauss
45.3%
Franz ___Liszt
45%
Pyotr Ilyich ___Tchaikovsky
44.4%
___ Lord NelsonHoratio
43.5%
Frédéric ___Chopin
40.7%
Georges ___Bizet
38.8%
John Stuart ___Mill
38.7%
John ___Marshall
38%
George ___ CusterArmstrong
37.9%
John ___Keats
35.2%
Benito ___Juárez
34.4%
Auguste ___Rodin
32.5%
Édouard ___Manet
32.1%
Ned ___Kelly
31.9%
___ BearBig
31.5%
Friedrich ___Nietzsche
31.4%
Sir Henry Morton ___Stanley
31.1%
Annie ___Sullivan
25.3%
Paul ___Cézanne
25.2%
Sir ___ Francis BurtonRichard
22.3%
Sir George ___Everest
21.5%
Gioachino ___Rossini
20.9%
Henri ___Nestlé
20%
___ Pike Jr.Zebulon
17.9%
Sir John A. ___Macdonald
15.7%
Come Together.
Have Fun.
All Virtual.
We all need to come together. Play Sporcle's virtual live trivia to have fun, connect with people, and get your trivia on. Join a live hosted trivia game for your favorite pub trivia experience done virtually. If a virtual private party is more your thing, go here for details.

You're not logged in!

Compare scores with friends on all Sporcle quizzes.
OR
Log In

Sporcle TV

Today on Sporcle TV


Watch our educational content, quiz creation guides, and fun videos on Sporcle TV.

Show Comments

Extras

Top Quizzes Today


Score Distribution

Paid Content

Your Account Isn't Verified!

In order to create a playlist on Sporcle, you need to verify the email address you used during registration. Go to your Sporcle Settings to finish the process.

Report this User

Report this user for behavior that violates our Community Guidelines.

Details: